000 03885nkm0a2200517 4500
001 RU\NLR\bibl\2087158
005 20250806204037.0
020 _aRU
_9ЛЕНИНГРАД В ВЕЛИКОЙ ОТЕЧЕСТВЕННОЙ ВОЙНЕ : Печать Ленинграда, 1941 - 1945 : каталог изданий, хранящихся в фондах Гос. Публ. б-ки, вып.2. Листовки, плакаты, открытки, альбомы / Гос. публ. б-ка им. М.Е. Салтыкова-Щедрина. - Ленинград, 1972
_b1188
020 _aRU
_b44-2236 (вып. 1944, N 3-4)
_9Летопись изоизданий / ВКП. - Москва, 1948. - Вып. 1944, N 3-4
035 _a(NLR Aleph) 010198827
071 5 0 _d50 коп.
090 _a77930
_c77930
100 _a20140117d1944 u y0rusy50 ca
101 0 _arus
102 _aRU
116 _aiiyc||||||bi ae
135 _acrcn 024apaba
200 1 _aXXVII лет Октября
_bИзоматериал
_eоткрытое письмо
_fхуд.: Н.М. Кочергин
210 _a[Ленинград]
_cВоениздат НКО
_d1944
215 _a1 л.
_cцв. литогр.
_d14,6х10,5
300 _aЦенз. разрешение: Г-23463
321 1 _aСражающийся Ленинград. Почтовая открытка = Postcard. Leningrad in strugle : энциклопедический каталог / А.Д. Гдалин, М.Р. Иванова ; [Союз проф. литераторов России и др.]. - Санкт-Петербург : Инфо-Да, 2007.
_c579
325 1 _aЭлектронная копия доступна в Электронной библиотеке РНБ
327 0 _aЖенщина с осенним букетом, держащая на руках девочку с красным флажком, на Дворцовой площади в Ленинграде, на фоне Александровской колонны и арки здания Главного штаба
540 1 _aЖенщина с осенним букетом, держащая на руках девочку с красным флажком, на Дворцовой площади в Ленинграде, на фоне Александровской колонны и арки здания Главного штаба
540 1 _aДворцовая площадь (Ленинград)
540 1 _aАлександровская колонна (Ленинград)
540 1 _aГлавный штаб (Ленинград)
606 1 _aБлокада Ленинграда
_z1941 - 1944
_xИзображение на почтовых открытках маркированных художественных
_z1941 - 1945
_2nlr_sh2
_3RU\NLR\auth\6601539002
686 _aЩ153(2Р=Рус)7-489
686 _aЩ153(2Р=Рус)7-3
700 1 _aКочергин
_bН. М.
_cхудожник
_f1897-1974
_gНиколай Михайлович
_3RU\NLR\auth\77100612
_4040
801 0 _aRU
_bNLR
_c19720101
_gPSBO
801 1 _aRU
_bNLR
_c20140117
_gRCR
852 _aNLR
_bЛ3-310о
_j26/5
856 0 _uhttp://vivaldi.nlr.ru/lo000070379/view
856 1 _uhttp://vivaldi.nlr.ru/lo000070379/cover
856 2 _uhttp://vivaldi.nlr.ru/lo000070379/text
901 _eИзографические материалы
942 _cVISUAL
945 _aРоссийская национальная библиотека
980 _aBV
981 3 7 _a(37) Ленинград в Великой Отечественной войне
_b(37) Открытки блокадного Ленинграда
981 1 7 _a(17) Изографические материалы
_b(17) Открытки